000 00430nam a2200145 i 4500
001 77042
003 ES-MaACL
007 t|
008 041006s1913 fr ||||1| fre d
100 1 _aGuyot, Edouard.
_961275
245 1 3 _aLe socialisme et l'evolution de l'Angleterre contemporaine
_b: (1880-1911) /
_cpar Edouard Guyot.
260 _aParis :
_bAlcan,
_c1913.
300 _aXVIII, 543 p. ;
_c23 cm.
852 _aES-MaACL
_jG-7166
999 _c77042
_d77042